UBT Library

Down on their luck : (Record no. 44366)

000 -LEADER
fixed length control field 00770cam a2200241 a 4500
001 - CONTROL NUMBER
control field 3907733
005 - DATE AND TIME OF LATEST TRANSACTION
control field 20180308032851.0
008 - FIXED-LENGTH DATA ELEMENTS--GENERAL INFORMATION
fixed length control field 911120s1993 caua b s001 0 eng
010 ## - LIBRARY OF CONGRESS CONTROL NUMBER
LC control number 91043980
020 ## - INTERNATIONAL STANDARD BOOK NUMBER
International Standard Book Number 0520078470
040 ## - CATALOGING SOURCE
Original cataloging agency DLC
Transcribing agency DLC
Modifying agency DLC
041 ## - LANGUAGE CODE
Language code of text/sound track or separate title eng
043 ## - GEOGRAPHIC AREA CODE
Geographic area code n-us---
080 ## - UNIVERSAL DECIMAL CLASSIFICATION NUMBER
Universal Decimal Classification number 362.50973
082 00 - DEWEY DECIMAL CLASSIFICATION NUMBER
Classification number 362.50973 SNO
Edition number 20
100 1# - Rafti
Rafti 50
101 ## - Shkurtesa
Shkurtesa SOC
245 10 - TITLE STATEMENT
Title Down on their luck :
Statement of responsibility, etc David A. Snow and Leon Anderson.
504 ## - BIBLIOGRAPHY, ETC. NOTE
Bibliography, etc Includes bibliographical references (p. 361-380) and index.
906 ## - LOCAL DATA ELEMENT F, LDF (RLIN)
a 7
b cbc
c orignew
d 1
e ocip
f 19
g y-gencatlg
942 ## - ADDED ENTRY ELEMENTS (KOHA)
Source of classification or shelving scheme
Item type Books
Holdings
Withdrawn status Lost status Source of classification or shelving scheme Damaged status Not for loan Collection code Permanent location Current location Shelving location Date acquired Total Checkouts Full call number Barcode Date last seen Price effective from Koha item type
          Koleksioni i përgjithshem UBT - Lipjan UBT - Lipjan Koleksioni i përgjithshem 03/08/2018   362.50973 SNO 002-3000935 03/08/2018 03/08/2018 Books
UBT Library © 2015-2024. All rights reserved University Education for Business and Technology